logo

Bir Sreshtho Munshi Abdur Rouf Library
Jhenaidah Cadet College

হকার্স কর্নার / (Record no. 2654)

MARC details
000 -LEADER
fixed length control field 00655nam a2200217 a 4500
001 - CONTROL NUMBER
JCCL Control Number 2654
003 - CONTROL NUMBER IDENTIFIER
JCCL marc code BD-JhCC
005 - DATE AND TIME OF LATEST TRANSACTION
control field 20171105191358.0
008 - FIXED-LENGTH DATA ELEMENTS--GENERAL INFORMATION
fixed length control field 171105s1965 b ||||| |||| 00| 0 ben d
035 ## - SYSTEM CONTROL NUMBER
system control number (BD-JhCC)2654
040 ## - CATALOGING SOURCE
Original cataloging agency BD-JhCC
Modifying agency BD-JhCC
041 ## - LANGUAGE CODE
Language code of Book ben
082 ## - DEWEY DECIMAL CLASSIFICATION NUMBER
Classification number 891.443
Author mark and Year VAT 1965
100 ## - MAIN ENTRY--PERSONAL NAME
Personal name ভট্টাচার্য, নিমাই
245 ## - TITLE STATEMENT
Title হকার্স কর্নার /
Statement of responsibility, etc নিমাই ভট্টাচার্য
260 ## - PUBLICATION, DISTRIBUTION, ETC. (IMPRINT)
Place of publication, distribution, etc ঢাকা :
Name of publisher, distributor, etc হযবরল প্রকাশনী,
Date of publication, distribution, etc ১৯৬৫
300 ## - PHYSICAL DESCRIPTION
Pagination 95 p. :
Dimensions 22cm.
650 ## - SUBJECT ADDED ENTRY--TOPICAL TERM
Topical term or geographic name as entry element Bengali Novel
942 ## - ADDED ENTRY ELEMENTS (KOHA)
Source of classification or shelving scheme Dewey Decimal Classification
Koha item type Books
Holdings
Source of classification or shelving scheme Damaged status Not for loan Home library Current library Shelving location Date of accession Cost, normal purchase price Total Checkouts Full call number Barcode Date last seen Copy number Koha item type
Dewey Decimal Classification     JCC Rouf Library JCC Rouf Library General Stacks 11/05/2017 7.50   891.443 VAT 1965 4554 11/05/2017 C-1 Books

JCC Library | Contacts | JCC Home

Last Update on 23 September 2017
Copyright @ 2017-2020 JCC Rouf Library
Rouf Library, Jhenidah Cadet College (JCC), Bangladesh